000
00316nam a2200133Ia 4500
008
191201s2005 xx 000 0 und d
082
_a
677.02864
_b
SSF
100
_a
SSMITT
245
0
_a
Fabric Manufacture III
260
_a
N.Delhi
_b
S S M I T T
_c
2005
300
_a
154
650
_a
B.Tech(TE)
942
_2
ddc
_c
BK
_0
6
999
_c
2241
_d
2241